000 00393nam a2200157Ia 4500
008 160316s1996 xxu||||| |||| 00| 0 eng d
082 _a1.644200
_bGAR
100 _aGarrett David
245 _aIntranets unleashed
250 _a
260 _aNew Delhi
_bTechmedia
_c1996
300 _a906p
_b
_c
365 _bRs.499/-
650 _a1. Computer Networking System - Intranets
700 _a
_a
999 _c12181
_d12181